Classroom management

Bibliographic Details
Main Author: Mishra, R.C
Format: Book
Published: New Delhi : APH Publishing Coorporation , 2007
Subjects:

MARC

LEADER 00000cam a2200000 7i4500
001 0000032243
005 20120528.0
008 120528
020 |a 8131301488 
090 0 0 |a 371.1024   |b MIS 
100 1 |a Mishra, R.C. 
245 1 0 |a Classroom management   |c R.C. Mishra 
260 |a New Delhi :   |b APH Publishing Coorporation ,   |c 2007 
650 0 |a Classroom management 
650 0 |a Effective teaching 
999 |a 0001024440   |b Book   |c Adult Collection   |e Cawangan Taman Sri Lambak 
999 |a 0001024441   |b Book   |c Adult Collection   |e Perbadanan Perpustakaan Awam Johor